000 00426nam a2200121Ia 4500
008 220620s9999||||xx |||||||||||||| ||und||
245 0 _aPID Controller Design Approaches
_bTheory, Tuning and Application to Frontier Areas
546 _aEnglish[eng]
650 _aAutomatic control engineering
700 _aVagia, Marialena
856 _uhttps://mts.intechopen.com/storage/books/2240/authors_book/authors_book.pdf
942 _cEB
999 _c23278
_d23278